| 000 | 00844nam a22001937a 4500 | ||
|---|---|---|---|
| 999 |
_c162863 _d162863 |
||
| 005 | 20190323105841.0 | ||
| 010 | _aB-087199 | ||
| 020 |
_a8178083736 _c425.00 |
||
| 035 | _aDPL | ||
| 100 | _aSklar,Bernard | ||
| 245 |
_aDigital Communications: _bFundamentals and Applications _cBernard Sklar |
||
| 250 |
_aFirst Indian Reprint,2001 _bFifth Indian Reprint,2004 |
||
| 260 |
_aIndian Branch, New Delhi _bPearson Education Pte. Ltd. _c2004 |
||
| 270 |
_a482 F.I.E., patparganj _bNew Delhi _e110092 |
||
| 300 |
_axxiv, 1079p. _bill _c24cm.(pbk) |
||
| 500 | _aAll products or Services mentioned in this book are the trademarks or service marks of their respective Companies or organizations. Screen shots reprinted by permission from Microsoft Corporation. | ||
| 942 |
_2ddc _cEN _e2nd _h621.381 _mSKL |
||